000
00330nam a22001337a 4500
008
170527b xxu||||| |||| 00| 0 eng d
020
_a
0127784527
041
_a
eng
080
_a
621.3
100
_a
27
101
_a
IM
245
_a
OBJECT-ORIENTED SIMULATION WITH HIERARCHICAL, MODULAR MODELS
_c
ZEIGLER, B.P
942
_2
udc
_c
BK
999
_c
14667
_d
14667